[Event "11th BCC Thailand Open"]
[Site "Pattaya THA"]
[Date "2011.04.13"]
[Round "5.8"]
[White "Mohota,N"]
[Black "Schebler,G"]
[Result "1/2-1/2"]
[WhiteElo "2324"]
[BlackElo "2460"]

1.d4 Nf6 2.c4 g6 3.Nc3 Bg7 4.e4 d6 5.Nf3 O-O 6.Be2 e5 7.Be3 exd4 8.Nxd4 Re8
9.f3 Nc6 10.O-O Nh5 11.Re1 Be5 12.Nxc6 bxc6 13.Bd4 Bf4 14.Bf2 Rb8 15.Qc2 Be5
16.Bf1 Qf6 17.Re3 Be6 18.Rd1 c5 19.b3 Bd4 20.Red3 Bxf2+ 21.Qxf2 Nf4 22.Re3 Bd7
23.g3 Nh5 24.Nd5 Qd8 25.f4 Bc6 26.e5 Bxd5 27.Rxd5 Qe7 28.Red3 Rb6 29.Bh3 a5
30.Re3 Qf8 31.e6 f5 32.Qe1 Qf6 33.Bg2 Ra6 34.Rd2 Kf8 35.Rde2 Ke7 36.Bb7 Rb6
37.Bf3 Ra6 38.Bb7 Rb6 39.Bf3 Ra6 40.Bb7  1/2-1/2

[Event "11th European Senior"]
[Site "Courmayeur ITA"]
[Date "2011.04.14"]
[Round "9.17"]
[White "Guillaumat,JP"]
[Black "Iudicello,G"]
[Result "0-1"]
[WhiteElo "1890"]
[BlackElo "2180"]

1.d4 Nf6 2.Nf3 g6 3.c4 Bg7 4.Nc3 d6 5.e4 O-O 6.Be2 e5 7.dxe5 dxe5 8.Bg5 Nbd7
9.O-O c6 10.h3 h6 11.Be3 Qe7 12.Qc2 Ne8 13.Nd2 Nc7 14.f4 exf4 15.Bxf4 Ne6
16.Be3 Nd4 17.Bxd4 Bxd4+ 18.Kh1 Bg7 19.Rae1 Ne5 20.Nf3 Be6 21.Nxe5 Bxe5 22.Qd2 Qh4
23.Qe3 Bg3  0-1

[Event "TCh-CZE 2010-11"]
[Site "Czech Rep CZE"]
[Date "2011.04.17"]
[Round "11.2"]
[White "Zilka,S"]
[Black "Dziuba,M"]
[Result "1/2-1/2"]
[WhiteElo "2479"]
[BlackElo "2584"]

1.d4 Nf6 2.c4 g6 3.Nc3 Bg7 4.e4 d6 5.Nf3 O-O 6.Be2 e5 7.O-O Nbd7 8.Be3 Re8
9.d5 Nh5 10.Ne1 Nf4 11.Nd3 Nxe2+ 12.Qxe2 f5 13.f3 f4 14.Bf2 g5 15.Nb5 b6
16.Nb4 Nb8 17.g4 a6 18.Nc3 a5 19.Nc2 h5 20.h3 Nd7 21.Na3 hxg4 22.hxg4 Nf6
23.Nab5 Bd7 24.Be1 Kf7 25.Rf2 Rh8 26.Nd1 Rh6 27.Rh2 Rxh2 28.Kxh2 Qe7 29.Nf2 Rh8+
30.Kg2 Qd8 31.Bd2 Bf8 32.Nc3 Be7 33.Rh1 Rxh1 34.Nxh1 Qh8 35.Be1 Bd8 36.Nf2 Ng8
37.Qf1 Ne7 38.Qh1 Qg7 39.Nd3 Ng6 40.Bf2 Kf8 41.b3 Ne7 42.a3 Ng8 43.Kf1 Nf6
44.Qh3 Kg8 45.Be1 Qf8 46.Ke2 Kg7 47.Bd2 Be7 48.Nf2 Qb8 49.a4 Qc8 50.Bc1 Qb8
51.Qh1 Qc8 52.Qh3 Qb7 53.Kd1 Qa7 54.Nb5 Qb8 55.Qf1 Qc8 56.Qg1 Qb8 57.Kc2 Qc8
58.Bb2 Be8 59.Kb1 Qb8 60.Ka2 Nd7 61.Nd3 Bf6 62.Bc3 Qb7 63.Qa1 Kf7 64.Qb2 Qb8
65.Na3 Qd8 66.Qd2 Qb8 67.c5 bxc5 68.Nc4 Nb6 69.Ndb2 Bd7 70.Bxa5 Bc8 71.Qd3  1/2-1/2

[Event "TCh-CZE 2010-11"]
[Site "Czech Rep CZE"]
[Date "2011.04.17"]
[Round "11.5"]
[White "Priehoda,V"]
[Black "Rojicek,V"]
[Result "1/2-1/2"]
[WhiteElo "2398"]
[BlackElo "2422"]

1.d4 Nf6 2.c4 g6 3.Nc3 Bg7 4.e4 d6 5.Be2 O-O 6.Nf3 Nbd7 7.O-O e5 8.d5 Nc5
9.Qc2 a5 10.Bg5 h6 11.Bh4 g5 12.Bg3 Nh5 13.Nd2 Nf4 14.Nb3 Nxb3 15.axb3 Bd7
16.Rfe1 h5 17.f3 b6 18.Nb5 Rc8 19.Na7 Ra8 20.Nb5 Rc8 21.Na7  1/2-1/2

[Event "Norsk Open A"]
[Site "Fagernes NOR"]
[Date "2011.04.17"]
[Round "1"]
[White "Svensen,T"]
[Black "Jones,G"]
[Result "0-1"]
[WhiteElo "2108"]
[BlackElo "2578"]

1.d4 Nf6 2.c4 g6 3.Nc3 Bg7 4.e4 d6 5.Nf3 O-O 6.Be2 Nbd7 7.O-O e5 8.Be3 c6
9.Qd2 Qe7 10.dxe5 dxe5 11.Rfd1 Ng4 12.Bg5 f6 13.Bh4 Nh6 14.Na4 Nf7 15.b4 Nb6
16.Nb2 c5 17.b5 g5 18.Bg3 f5 19.exf5 e4 20.Ne1 Bxf5 21.Qc1 Bg6 22.Nc2 h5
23.h3 Qf6 24.Rb1 h4 25.Bh2 Nh6 26.Rf1 e3 27.fxe3 Qc3 28.Bd1 Rxf1+ 29.Kxf1 Nxc4
30.Nxc4 Qxc4+ 31.Ke1 Rf8  0-1

[Event "Norsk Open A"]
[Site "Fagernes NOR"]
[Date "2011.04.17"]
[Round "5"]
[White "Gyldenas,O"]
[Black "Johansen,St"]
[Result "0-1"]
[WhiteElo "2053"]
[BlackElo "1938"]

1.d4 Nf6 2.Nf3 g6 3.c4 Bg7 4.Nc3 d6 5.e4 O-O 6.Be2 e5 7.d5 a5 8.O-O Na6 9.Be3 Nc5
10.Nd2 Nfd7 11.b3 f5 12.f3 f4 13.Bf2 g5 14.Rc1 Rf6 15.a3 Qe8 16.Qc2 Rh6 17.Rfd1 Qh5
18.Nf1 Nf6 19.Nb5 Na6 20.c5 g4 21.fxg4 Bxg4 22.Bxg4 Nxg4 23.h3 Nxf2 24.Qxf2 Nxc5
25.Rxc5 dxc5 26.Rd3 Bf8 27.Nxc7 Rc8 28.d6 Rxd6 29.Rxd6 Bxd6 30.Nd5 Qg6 31.Qe2 a4
32.Qc4 Kh8 33.bxa4 Rg8 34.Qe2 c4 35.Nd2 Bc5+ 36.Kh1 Qg3 37.Nf3 Bd4 38.Ne7 Qf2
39.Qxf2 Bxf2 40.Nxg8 c3 41.Nxe5 c2 42.Nd3 Kxg8 43.Kh2 Be3 44.h4 Kf7 45.h5 h6
46.Kh3 c1=Q 47.Nxc1 Bxc1 48.Kg4 Ke6 49.g3 fxg3 50.Kxg3 Ke5  0-1

[Event "Schackstudion GM"]
[Site "Lund SWE"]
[Date "2011.04.17"]
[Round "4"]
[White "Tikkanen,H"]
[Black "Brandenburg,D"]
[Result "1/2-1/2"]
[WhiteElo "2541"]
[BlackElo "2527"]

1.d4 Nf6 2.c4 g6 3.Nc3 Bg7 4.e4 d6 5.Nf3 O-O 6.Be2 e5 7.O-O Na6 8.Be3 Ng4
9.Bg5 Qe8 10.dxe5 dxe5 11.h3 f6 12.Bd2 Nh6 13.c5 Nxc5 14.Qc1 Nf7 15.Nd5 Ne6
16.Nxc7 Nxc7 17.Qxc7 Nd8 18.Bc4+ Be6 19.Bxe6+ Qxe6 20.Rfc1 Rf7 21.Qc4 Rd7
22.Kf1 Bf8 23.Ke2 Kf7 24.Be3 Qxc4+ 25.Rxc4 Ne6 26.Rac1 b6 27.Rc8 Rxc8 28.Rxc8 Bc5
29.g3 Bxe3 30.Kxe3 Rc7 31.Rxc7+ Nxc7 32.Kd3 Ke7 33.Kc4 Kd6 34.Nh2 h5 35.Nf3 Ne6
36.Nh4 Ng5 37.f3 a6 38.a4 Ke6 39.b4 Kd6 40.Kd3 Ke6 41.Kc4 Kd6 42.Kd3 Ke6
43.Kc4  1/2-1/2

[Event "Branko Vukmanovic Mem Open"]
[Site "Tivat MNE"]
[Date "2011.04.17"]
[Round "2.6"]
[White "Andonovski,L"]
[Black "Djukic,Ni"]
[Result "0-1"]
[WhiteElo "2326"]
[BlackElo "2494"]

1.d4 Nf6 2.c4 g6 3.Nc3 Bg7 4.e4 d6 5.Nf3 O-O 6.Be2 e5 7.Be3 Ng4 8.Bg5 f6
9.Bh4 g5 10.Bg3 Nh6 11.c5 g4 12.Nh4 Nc6 13.cxd6 cxd6 14.dxe5 fxe5 15.Bc4+ Kh8
16.O-O Bf6 17.Nf5 Nxf5 18.exf5 Bxf5 19.f3 gxf3 20.Qxf3 Bg7 21.Qh5 Qb6+ 22.Rf2 Bg6
23.Qd1 Rxf2 24.Bxf2 Qxb2 25.Nd5 Rf8  0-1

[Event "34th Open"]
[Site "Donostia ESP"]
[Date "2011.04.18"]
[Round "3"]
[White "Prieto Aranguren,A"]
[Black "Lisarri Tomas,A"]
[Result "1-0"]
[WhiteElo "2219"]
[BlackElo "2032"]

1.d4 Nf6 2.c4 g6 3.Nc3 Bg7 4.e4 d6 5.Nf3 O-O 6.Be2 e5 7.Be3 Nc6 8.d5 Ne7
9.Nd2 Ne8 10.b4 f5 11.f3 f4 12.Bf2 g5 13.c5 Ng6 14.Nc4 Rf7 15.Rc1 Bf8 16.cxd6 Bxd6
17.Qb3 h5 18.h3 Nf6 19.Nb5 b6 20.Ncxd6 cxd6 21.Rc6 Ne8 22.Kd2 Bd7 23.Rc2 g4
24.hxg4 hxg4 25.Rhc1 g3 26.Bg1 Nh4 27.Bf1 Bxb5 28.Bxb5 Nxg2 29.Bf1 Nh4 30.Bh3 Kg7
31.Rc8 Rxc8 32.Rxc8 Qe7 33.Be6 Rf8 34.Qc3 Rh8 35.Ke2 Ng6 36.Qc6 Kh6 37.Rb8 Kg5
38.Rb7 Qd8 39.Rd7 Qb8 40.Rb7 Qd8 41.Rxa7 Nf6 42.Rg7 Rh2+ 43.Bxh2 gxh2 44.Bf7 Nh5
45.Rxg6+ Kh4 46.Qc1 Ng3+ 47.Rxg3 Kxg3 48.Qe1+  1-0

[Event "34th Open"]
[Site "Donostia ESP"]
[Date "2011.04.18"]
[Round "3"]
[White "Franco Alonso,A"]
[Black "Alonso Arburu,Ju"]
[Result "1/2-1/2"]
[WhiteElo "2489"]
[BlackElo "2367"]

1.Nf3 Nf6 2.c4 g6 3.Nc3 Bg7 4.e4 d6 5.d4 O-O 6.Be2 e5 7.Be3 Nc6 8.d5 Ne7
9.Nd2 Kh8 10.c5 Nfg8 11.Nc4 f5 12.cxd6 cxd6 13.f3 Bh6 14.Bf2 Nf6 15.O-O fxe4
16.Nxe4 Nxe4 17.fxe4 b5 18.Be3  1/2-1/2

[Event "34th Open"]
[Site "Donostia ESP"]
[Date "2011.04.18"]
[Round "3"]
[White "Newrkla,A"]
[Black "Ibar,M"]
[Result "0-1"]
[WhiteElo "1962"]
[BlackElo "2217"]

1.e4 g6 2.d4 Bg7 3.c4 d6 4.Nc3 Nf6 5.Nf3 O-O 6.Be2 e5 7.dxe5 dxe5 8.Qxd8 Rxd8
9.Bg5 Re8 10.O-O c6 11.Rad1 Nbd7 12.Rd2 Nc5 13.Bxf6 Bxf6 14.Rfd1 a5 15.b3 a4
16.b4 Ne6 17.a3 Nd4 18.h3 Nxe2+ 19.Nxe2 Be6 20.c5 Bb3 21.Rb1 Rad8 22.Rbb2 Bg7
23.g4 f5 24.gxf5 gxf5 25.Rxd8 Rxd8 26.Rd2 Rxd2 27.Nxd2 Bh6 28.Nxb3 axb3 29.Nc3 Bc1
30.Nb1 fxe4 31.Kf1 e3 32.fxe3 Bxe3 33.Ke2 Bd4 34.Kd3 Kf7 35.Kc4 b2 36.a4 Ke6
37.b5 cxb5+ 38.axb5 h5 39.Nd2 Be3 40.Nb1 e4 41.b6 Bxc5  0-1

[Event "13th Dubai Open"]
[Site "Dubai UAE"]
[Date "2011.04.18"]
[Round "9.49"]
[White "Cherednichenko,S"]
[Black "Ingcongan,Mama"]
[Result "1-0"]
[WhiteElo "2278"]
[BlackElo "1977"]

1.d4 Nf6 2.Nf3 g6 3.c4 Bg7 4.Nc3 d6 5.e4 O-O 6.Be2 c6 7.O-O e5 8.Be3 Ng4
9.Bg5 f6 10.Bh4 Qe8 11.dxe5 dxe5 12.c5 Be6 13.Nd2 Nh6 14.Bc4 Nd7 15.b4 Kh8
16.f3 Qe7 17.Bxe6 Qxe6 18.Qb3 Qe7 19.Bf2 Rfd8 20.Nc4 Nf7 21.Rfd1 Nf8 22.Na5 a6
23.Na4 Rab8 24.Nb6 Ng5 25.Nbc4 Nf7 26.Nb6 Ng5 27.Be3 Nf7 28.a4 Ne6 29.Rxd8+ Nfxd8
30.Rd1 Nf8 31.Nbc4 Nde6 32.Nd6 h6 33.b5 axb5 34.axb5 Qc7 35.b6 Qe7 36.Naxb7 Rxb7
37.Nxb7 Qxb7 38.Qa2 Nd4 39.Qa7 Qd7 40.Bxd4 exd4 41.b7 d3 42.b8=Q Qd4+ 43.Kh1 Qe3
44.Qb3  1-0

[Event "Branko Vukmanovic Mem Open"]
[Site "Tivat MNE"]
[Date "2011.04.18"]
[Round "3.20"]
[White "Kragelj,I"]
[Black "Karisik,N"]
[Result "1-0"]
[WhiteElo "2207"]
[BlackElo "2015"]

1.d4 Nf6 2.c4 g6 3.Nc3 Bg7 4.e4 d6 5.Nf3 O-O 6.Be2 e5 7.Be3 Nbd7 8.O-O exd4
9.Nxd4 Nc5 10.f3 a5 11.Ndb5 Nfd7 12.Qd2 f5 13.exf5 Rxf5 14.Rad1 Be5 15.f4 Bg7
16.Nd5 Na6 17.Nd4 Bxd4 18.Bxd4 Nb4 19.Bg4 Nc5 20.Bxf5 Bxf5 21.Nxb4 Ne4 22.Qe2  1-0

[Event "34th Open"]
[Site "Donostia ESP"]
[Date "2011.04.19"]
[Round "4"]
[White "Moreno Ruiz,J"]
[Black "Hansen,TR"]
[Result "1-0"]
[WhiteElo "2527"]
[BlackElo "2459"]

1.d4 Nf6 2.c4 g6 3.Nc3 Bg7 4.e4 d6 5.Be2 O-O 6.Nf3 e5 7.d5 a5 8.Bg5 h6 9.Bh4 Na6
10.Nd2 Qe8 11.O-O Nh7 12.a3 Bd7 13.b3 f5 14.f3 Nf6 15.Rb1 f4 16.b4 g5 17.Bf2 axb4
18.axb4 Qg6 19.c5 g4 20.c6 g3 21.cxd7 gxf2+ 22.Rxf2 Nxd7 23.Nc4 Nb6 24.Nxb6 cxb6
25.Na4 Bf6 26.Nxb6 Bh4 27.Nxa8 Bxf2+ 28.Kxf2 Rxa8 29.Ra1 Qg5 30.b5 Nc7 31.b6 Rxa1
32.Qxa1 Qh4+ 33.Kf1 Ne8 34.Qa8 Kf7 35.Qxb7+ Kf6 36.Qd7  1-0

[Event "ch-DEN"]
[Site "Odense DEN"]
[Date "2011.04.19"]
[Round "4"]
[White "Kristiansen,Jen"]
[Black "Bekker Jensen,S"]
[Result "1-0"]
[WhiteElo "2436"]
[BlackElo "2397"]

1.d4 Nf6 2.Nf3 g6 3.c4 Bg7 4.Nc3 O-O 5.e4 d6 6.Be2 e5 7.d5 a5 8.h3 Na6 9.Bg5 Qe8
10.Nd2 Nd7 11.a3 h6 12.Be3 f5 13.f3 c5 14.dxc6 bxc6 15.b4 axb4 16.axb4 Bb7
17.Rb1 Nf6 18.O-O Qe7 19.Qc2 Nh5 20.c5 dxc5 21.bxc5 Nxc5 22.Nb3 Ne6 23.Bc4 Bc8
24.Bc5 Qg5 25.Bxf8 Bxf8 26.Ne2 Ra7 27.Kh2 Rc7 28.Nc5 Ng7 29.Nxe6 Nxe6 30.Rb8 Bd7
31.Rd1 Qf6 32.Qb3  1-0

[Event "Branko Vukmanovic Mem Open"]
[Site "Tivat MNE"]
[Date "2011.04.19"]
[Round "4.3"]
[White "Arsovic,Z"]
[Black "Jianu,V"]
[Result "1/2-1/2"]
[WhiteElo "2466"]
[BlackElo "2545"]

1.Nf3 Nf6 2.c4 g6 3.Nc3 Bg7 4.e4 d6 5.d4 O-O 6.Be2 e5 7.Be3 Nbd7 8.O-O Re8
9.d5 Nh5 10.g3 Bf8 11.Ne1 Ng7 12.Nd3 f5  1/2-1/2

[Event "34th Open"]
[Site "Donostia ESP"]
[Date "2011.04.20"]
[Round "5"]
[White "Smith,Mat"]
[Black "Thomassen,J"]
[Result "0-1"]
[WhiteElo "2019"]
[BlackElo "2396"]

1.Nf3 Nf6 2.d4 g6 3.c4 Bg7 4.Nc3 O-O 5.e4 d6 6.Be2 Nbd7 7.O-O e5 8.dxe5 dxe5
9.Qc2 c6 10.Rd1 Qe7 11.h3 Nh5 12.Be3 f5 13.exf5 gxf5 14.Bg5 Qf7 15.Rd6 e4
16.Nh2 Be5 17.Rh6 Nf4 18.Bf1 Nc5 19.Qd2 Nce6 20.g3 Qg7 21.Rxe6 Qxg5 22.Rd6 e3
23.Qd1 exf2+ 24.Kxf2 Nxh3+  0-1

[Event "Schackstudion GM"]
[Site "Lund SWE"]
[Date "2011.04.20"]
[Round "7"]
[White "Smith,Ax"]
[Black "Wendt,J"]
[Result "1/2-1/2"]
[WhiteElo "2452"]
[BlackElo "2371"]

1.c4 Nf6 2.Nc3 g6 3.e4 d6 4.d4 Bg7 5.Be2 O-O 6.Nf3 Na6 7.O-O e5 8.Be3 Ng4
9.Bg5 Qe8 10.dxe5 dxe5 11.h3 h6 12.Bd2 Nf6 13.Be3 Qe7 14.Nd5 Qd8 15.Qc2 c6
16.Nxf6+ Qxf6 17.c5 Nc7 18.Rad1 Qe7 19.Qd2 Kh7 20.Qd6 Re8 21.Bc4 Be6 22.Qxe7 Rxe7
23.Bxe6 Nxe6 24.Rd6 Rae8 25.Rfd1 Nd4 26.Kf1 Kg8 27.b3 Nxf3 28.gxf3 f6 29.b4 Kf7
30.a4 a6 31.Ke2 Bf8 32.Kd2 Rc7 33.Rd3 Be7 34.Kc3 h5 35.Kc4 Rcc8 36.b5 axb5+
37.axb5 Red8 38.Rxd8 Rxd8 39.Ra1 cxb5+ 40.Kxb5 Rd7 41.f4 Ke6 42.Ra4 exf4
43.Bxf4 g5 44.Be3 f5 45.exf5+ Kxf5 46.Ra8 Bd8 47.Ra4 Bf6 48.Kb6 Bd8+ 49.Kb5 Bf6
50.Kb6 Bd8+  1/2-1/2

[Event "Branko Vukmanovic Mem Open"]
[Site "Tivat MNE"]
[Date "2011.04.20"]
[Round "5.13"]
[White "Kragelj,I"]
[Black "Miron,L"]
[Result "0-1"]
[WhiteElo "2207"]
[BlackElo "2501"]

1.d4 Nf6 2.c4 g6 3.Nc3 Bg7 4.e4 d6 5.Nf3 O-O 6.Be2 e5 7.Be3 Nbd7 8.O-O Re8
9.Qc2 exd4 10.Nxd4 c6 11.Rad1 a6 12.Rfe1 Qc7 13.f3 b5 14.cxb5 cxb5 15.Qd2 Bb7
16.Nc2 d5 17.exd5 Nxd5 18.Nxd5 Bxd5 19.Qxd5 Qxc2 20.Bd3 Qc7 21.Bc1 Nb6 22.Qb3 Na4
23.Be4 Rac8 24.Bd5 Bd4+ 25.Kf1 Qxh2 26.Bxf7+ Kg7 27.Bxe8 Qg1+ 28.Ke2 Qf2+  0-1

[Event "XXV Catalunya Open"]
[Site "Barcelona ESP"]
[Date "2011.04.21"]
[Round "6"]
[White "Martin Grillo,R"]
[Black "Bergez,L"]
[Result "1-0"]
[WhiteElo "2239"]
[BlackElo "2415"]

1.Nf3 g6 2.c4 Bg7 3.d4 Nf6 4.Nc3 O-O 5.e4 d6 6.Be2 e5 7.O-O exd4 8.Nxd4 Re8
9.f3 c6 10.Kh1 Nbd7 11.Bg5 Qa5 12.Bf4 Ne5 13.Qd2 Nfd7 14.Rfd1 Qc7 15.Bf1 Nb6
16.b3 Bd7 17.Rac1 Rad8 18.Bg5 f6 19.Bf4 Bc8 20.Qf2 Bf8 21.h3 Qe7 22.Be3 Nf7
23.Nc2 Qc7 24.a4 Nd7 25.a5 Qxa5 26.Ra1 Qe5 27.Bd4 Qe7 28.Rxa7 Bg7 29.Na4 Ng5
30.Nb6 Nxb6 31.Bxb6 Rd7 32.c5 Ne6 33.Bc4 Kh8 34.Bxe6 Qxe6 35.Nd4 Qe5 36.Nc2 d5
37.exd5 Qb2 38.d6 Rf7 39.Ra8 Rff8 40.Rxc8 Rxc8 41.d7 Ra8 42.d8=Q Rfxd8 43.Rxd8+ Rxd8
44.Bxd8 Qxb3 45.Qe3 Qg8 46.Ba5 h5 47.Bc3 Qc4 48.Ne1 Kh7 49.Qd4 Qe6 50.Nd3 Qf5
51.Qe4 Qd7 52.Nf4 f5 53.Qe3 Bh6 54.Qe5 Qd8 55.Ne6 Qc8 56.Ng5+  1-0

[Event "15th Neckar Open"]
[Site "Deizisau GER"]
[Date "2011.04.21"]
[Round "1"]
[White "Bacrot,E"]
[Black "Winterberg,L"]
[Result "1-0"]
[WhiteElo "2718"]
[BlackElo "2132"]

1.d4 Nf6 2.c4 g6 3.Nc3 Bg7 4.e4 d6 5.Be2 O-O 6.Nf3 e5 7.Be3 Ng4 8.Bg5 f6
9.Bh4 g5 10.Bg3 Nh6 11.c5 Nc6 12.cxd6 cxd6 13.dxe5 dxe5 14.h4 Qxd1+ 15.Rxd1 g4
16.Bc4+ Kh8 17.Nd2 Nd4 18.Nb3 f5 19.h5 fxe4 20.Nxe4 Bf5 21.Nd6 Bc2 22.Rd2 Bxb3
23.axb3 b6 24.Nb5 Nhf5 25.h6 Bf6 26.Nxd4 Nxg3 27.fxg3 exd4 28.Re2 Rae8 29.Rh5 Rxe2+
30.Kxe2 Re8+ 31.Kd1 Re5 32.Rh1 Bg5 33.b4 b5 34.Be2 Re6 35.Rh5 Bxh6 36.Bxg4 Rc6
37.Bf5 Kg8 38.Be4 Rb6 39.g4 Bf8 40.Bxh7+ Kg7 41.g5 Bxb4 42.Bf5 Kg8 43.Rh7 a5
44.Ra7 Bd6 45.Rxa5 Rb7 46.Kc2 b4 47.Kd3 Kg7 48.Ra6 Be7 49.Rg6+ Kf7 50.Rh6 Rb5
51.g6+ Kg8 52.Be6+ Kg7 53.Rh7+ Kxg6 54.Rxe7 Kf6 55.Bc4  1-0

[Event "Dhamso Open"]
[Site "Ambalangoda SRI"]
[Date "2011.04.22"]
[Round "3"]
[White "Ranasinghe,P.m."]
[Black "Bhagya,V"]
[Result "0-1"]
[WhiteElo "1696"]
[BlackElo "2029"]

1.c4 Nf6 2.d4 g6 3.Nc3 Bg7 4.e4 d6 5.Nf3 O-O 6.Be2 Na6 7.O-O e5 8.Bg5 Qe8
9.d5 h6 10.Be3 Ng4 11.Bd2 f5 12.h3 Nf6 13.exf5 gxf5 14.a3 f4 15.Re1 e4 16.Bd3 Nc5
17.Bc2 Qg6 18.Kh1 a5 19.Bxf4 Bxh3 20.Nh4 Qg4 21.Qxg4 Nxg4 22.Be3 Nxe3 23.fxe3 Bg4
24.Nxe4 Nxe4 25.Bxe4 Bxb2 26.Rab1 Bc3 27.Rg1 b6 28.Bf3 Bd7 29.Ng6 Rf6 30.Nf4 Bf5
31.Rb3 Be5 32.Nh5 Rf7 33.e4 Bg6 34.g3 Raf8 35.Nf4 Bh7 36.a4 Kh8 37.Bh5 Bxe4+
38.Kh2 Rf6 39.Ne6 Rf2+ 40.Kh3 Rg8 41.Nxc7 Bf5+ 42.g4 Rh2+  0-1

[Event "Doeberl Cup Premier"]
[Site "Canberra AUS"]
[Date "2011.04.22"]
[Round "4.25"]
[White "Zulfic,F"]
[Black "Oliver,S"]
[Result "1/2-1/2"]
[WhiteElo "2057"]
[BlackElo "1925"]

1.d4 Nf6 2.c4 g6 3.Nc3 Bg7 4.e4 d6 5.Nf3 O-O 6.Be2 e5 7.O-O exd4 8.Nxd4 Nbd7
9.f3 Nc5 10.Be3 Ne6 11.Nc2 Bd7 12.Qd2 Nh5 13.Rad1 Qh4 14.Nd5 Bc6 15.Bf2 Qd8
16.Nce3 Nhf4 17.Nxf4 Nxf4 18.Nd5 Nxe2+ 19.Qxe2 Bxd5 20.Rxd5  1/2-1/2

[Event "17th Asian Cities"]
[Site "Jakarta INA"]
[Date "2011.04.22"]
[Round "1.8"]
[White "Kim,Taegyeong"]
[Black "Ahmed,Abdu"]
[Result "0-1"]
[WhiteElo "1506"]
[BlackElo "2322"]

1.c4 Nf6 2.Nc3 g6 3.e4 d6 4.d4 Bg7 5.Nf3 O-O 6.Be2 e5 7.dxe5 dxe5 8.Qxd8 Rxd8
9.Bg5 c6 10.O-O h6 11.Bh4 Re8 12.Rad1 Na6 13.Rd6 g5 14.Bg3 Nd7 15.Rfd1 Nb6
16.Rd8 Bg4 17.Rxa8 Nxa8 18.h3 Bh5 19.a3 Nb6 20.b3 f6 21.a4 Bf8 22.Nh2 Bxe2
23.Nxe2 Nc5 24.Rb1 Nxe4 25.Ng4 f5 26.Nxh6+ Bxh6 27.Bh2 f4 28.Rd1 a5 29.f3 Nc5
30.Nc1 Bf8 31.Rd2 Ne6 32.Nd3 Nd4 33.Rb2 Nd7 34.Kf1 Nc5 35.Nxc5 Bxc5 36.Bg1 Ne6
37.Bxc5 Nxc5 38.Ke2 Kf7 39.Kd2 Rd8+ 40.Ke2 Rd3 41.b4 axb4 42.Rxb4 Ra3 43.a5 Ra2+
44.Kf1 Rxa5  0-1

[Event "Branko Vukmanovic Mem Open"]
[Site "Tivat MNE"]
[Date "2011.04.22"]
[Round "7.3"]
[White "Sedlak,N"]
[Black "Arsovic,Z"]
[Result "1-0"]
[WhiteElo "2556"]
[BlackElo "2466"]

1.d4 Nf6 2.c4 g6 3.Nc3 Bg7 4.e4 d6 5.Nf3 O-O 6.Be2 Nbd7 7.O-O e5 8.Qc2 Nh5
9.Bg5 f6 10.Be3 Nf4 11.Rfd1 Nxe2+ 12.Qxe2 Rf7 13.c5 exd4 14.Bxd4 dxc5 15.Bxc5 Qe8
16.Be3 Nf8 17.e5 Bg4 18.h3 Bxf3 19.Qxf3 c6 20.exf6 Bxf6 21.Qg4 Qe6 22.Qa4 b5
23.Qc2 Re8 24.Ne2 Qc4 25.Qxc4 bxc4 26.Rac1 Rb7 27.Rd2 Rb4 28.Nd4 c5 29.Nc6 Bxb2
30.Rb1 Bc3 31.Nxb4 Bxd2 32.Bxd2 cxb4 33.Rxb4 Rc8 34.Bc3 Ne6 35.g3 h5 36.Kf1 Kf7
37.Ke2 Rc6 38.Ke3 Ke7 39.Rb7+ Kd6 40.Rxa7 Nc7 41.Ra5 Nd5+ 42.Kd4 Nc7 43.Bb4+ Kd7
44.Bc5 Ne6+ 45.Kxc4 Nxc5 46.Rxc5 Rf6 47.Rd5+ Kc6 48.Rg5 Kc7 49.h4 Rxf2 50.Rxg6 Rxa2
51.Rg5 Kd6 52.Kd4  1-0

[Event "Branko Vukmanovic Mem Open"]
[Site "Tivat MNE"]
[Date "2011.04.22"]
[Round "7.18"]
[White "Kragelj,I"]
[Black "Sorgic,D"]
[Result "1-0"]
[WhiteElo "2207"]
[BlackElo "2282"]

1.d4 Nf6 2.c4 g6 3.Nc3 Bg7 4.e4 d6 5.Nf3 O-O 6.Be2 e5 7.Be3 Nbd7 8.O-O Qe7
9.Qc2 c6 10.d5 c5 11.Ne1 Ne8 12.g4 f5 13.gxf5 gxf5 14.exf5 Nb6 15.Bd3 Qh4
16.Ng2 Qh3 17.f4 Nf6 18.fxe5 Ng4 19.Bf4 Bxe5 20.Rae1 Bd7 21.Nd1 Rae8 22.Bxe5 Rxe5
23.Nf4 Qh4 24.Re2 Bxf5 25.Rg2 Kh8 26.Ne6 Bxe6 27.Rxf8+ Bg8 28.Rf1 Nd7 29.Bf5 Ndf6
30.Qc3 Nh6 31.Bc8 b5 32.Qg3 Qd4+ 33.Qf2 Qxf2+ 34.Rgxf2 Ne4 35.Rc2 bxc4 36.Ne3 Bxd5
37.Nxd5 Rxd5 38.Rg2 Rg5 39.Rxg5 Nxg5 40.Rf6 Nhf7 41.h4 Nf3+ 42.Rxf3  1-0

[Event "Dhamso Open"]
[Site "Ambalangoda SRI"]
[Date "2011.04.23"]
[Round "5"]
[White "Sharma,Di"]
[Black "Bhagya,V"]
[Result "1-0"]
[WhiteElo "2365"]
[BlackElo "2029"]

1.d4 Nf6 2.Nf3 g6 3.c4 Bg7 4.Nc3 O-O 5.e4 d6 6.Be2 Na6 7.O-O e5 8.Re1 exd4
9.Nxd4 c6 10.Nb3 Re8 11.Bf1 Bg4 12.f3 Be6 13.Be3 d5 14.cxd5 cxd5 15.e5 Nd7
16.f4 f6 17.Nd4 Nb6 18.exf6 Qxf6 19.Nxe6 Qxe6 20.Bf2 Qd6 21.g3 Rxe1 22.Qxe1 Nc7
23.Rd1 Kh8 24.Qd2 Qf6 25.a4 Ne6 26.a5 Nc4 27.Qxd5 Nxb2 28.Qxb7 Rd8 29.Rxd8+ Nxd8
30.Qxb2 Qxc3 31.Qe2 Qc6 32.Qe7  1-0

[Event "Norsk Open A"]
[Site "Fagernes NOR"]
[Date "2011.04.23"]
[Round "8"]
[White "Thingstad,E"]
[Black "Gullaksen,E"]
[Result "0-1"]
[WhiteElo "2155"]
[BlackElo "2351"]

1.d4 Nf6 2.c4 g6 3.Nc3 Bg7 4.e4 d6 5.Nf3 O-O 6.Be2 Na6 7.O-O e5 8.Be3 Ng4
9.Bg5 Qe8 10.Re1 exd4 11.Nd5 f6 12.Bf4 d3 13.Bxd3 Ne5 14.Be2 Qf7 15.Nd4 Nc5
16.Bf1 Rd8 17.Qc2 c6 18.Ne3 Ne6 19.Nxe6 Bxe6 20.Rad1 Qe7 21.Rd2 Rd7 22.Red1 Rad8
23.a3 Qf8 24.b4 Bh6 25.Bxh6 Qxh6 26.Qc3 Qg7 27.Be2 f5 28.Qc2 f4 29.Nf1 c5
30.bxc5 dxc5 31.Rxd7 Rxd7 32.Rxd7 Qxd7 33.Nd2 b6 34.g3 g5 35.Kf1 Kg7 36.Qc1 Qd4
37.gxf4 gxf4 38.Ke1 Bg4 39.f3 Bxf3 40.Bxf3 Nd3+  0-1

[Event "Duflex Cup IM 2011"]
[Site "Frydek Mistek CZE"]
[Date "2011.04.23"]
[Round "6"]
[White "Jedlicka,A"]
[Black "Obrusnik,M"]
[Result "1-0"]
[WhiteElo "2253"]
[BlackElo "2192"]

1.Nf3 Nf6 2.c4 g6 3.Nc3 Bg7 4.e4 d6 5.d4 O-O 6.Be2 e5 7.Be3 Ng4 8.Bg5 f6
9.Bc1 f5 10.O-O fxe4 11.Nxe4 exd4 12.Nxd4 Nxh2 13.Kxh2 Qh4+ 14.Kg1 Qxe4 15.Nb5 Na6
16.Bf3 Qf5 17.Re1 Be5 18.Bh6 Rf6 19.Nd4 Qd7 20.Bd5+ Kh8 21.Bg5 c6 22.Bxf6+ Bxf6
23.Qf3 Bg7 24.Nxc6  1-0

[Event "Branko Vukmanovic Mem Open"]
[Site "Tivat MNE"]
[Date "2011.04.23"]
[Round "8.12"]
[White "Djoric,D"]
[Black "Karisik,N"]
[Result "1/2-1/2"]
[WhiteElo "2300"]
[BlackElo "2015"]

1.d4 Nf6 2.c4 g6 3.Nc3 Bg7 4.e4 O-O 5.Nf3 d6 6.Be2 e5 7.dxe5 dxe5 8.Qxd8 Rxd8
9.Bg5 Re8 10.Nd5 Nxd5 11.cxd5 c6 12.Bc4 cxd5 13.Bxd5 Nd7 14.Nd2 Nb6 15.Bb3 Be6
16.Be3 Bxb3 17.axb3 Bf8 18.Ke2 Bb4 19.Rhc1 Nc8 20.Rc7 Re7 21.Rac1 Rxc7 22.Rxc7 Rb8
23.Bc5 Bxc5 24.Rxc5 f6 25.Rc7 Nd6 26.Rd7 Nb5 27.Kd3 Nd4 28.b4 Ne6 29.g3 Rd8
30.Rxd8+ Nxd8 31.f4 exf4 32.gxf4 Kf7 33.b5 Ke6 34.Nc4 Nf7 35.b6 axb6 36.Nxb6 g5
37.f5+ Kd6 38.Kd4 Ne5 39.Nd5 Nc6+ 40.Ke3 Ke5 41.Nb6 Kd6 42.Nd5 Ke5  1/2-1/2

[Event "Branko Vukmanovic Mem Open"]
[Site "Tivat MNE"]
[Date "2011.04.23"]
[Round "8.13"]
[White "Sirletti,S"]
[Black "Djukic,Ni"]
[Result "0-1"]
[WhiteElo "1907"]
[BlackElo "2494"]

1.d4 Nf6 2.c4 g6 3.Nc3 Bg7 4.e4 d6 5.Nf3 O-O 6.Be2 e5 7.d5 a5 8.Bg5 h6 9.Bh4 Na6
10.Nd2 Qe8 11.Rb1 Nh7 12.f3 f5 13.a3 h5 14.b4 axb4 15.axb4 Bh6 16.Bf2 Qe7
17.h4 Nf6 18.Bd3 Ne8 19.Rb2 Ng7 20.Qb1 Nb8 21.c5 Nd7 22.cxd6 cxd6 23.Nc4 Nf6
24.Nb6 Rb8 25.Nxc8 Rbxc8 26.Rc2 fxe4 27.Bxe4 Nf5 28.Bxf5 gxf5 29.O-O Kh8
30.Rd1 Rg8 31.Ne2 Qg7 32.g3 Ra8 33.Ra2 f4 34.Rxa8 Rxa8 35.Kh1 Ra3 36.Qc1 Rxf3
37.Qc8+ Ng8 38.Kg2 Rb3 39.Kh2 Rb2  0-1

[Event "Doeberl Cup Premier"]
[Site "Canberra AUS"]
[Date "2011.04.24"]
[Round "8.2"]
[White "Johansen,D"]
[Black "Bojkov,D"]
[Result "0-1"]
[WhiteElo "2419"]
[BlackElo "2523"]

1.d4 Nf6 2.Nf3 g6 3.c4 Bg7 4.Nc3 O-O 5.e4 d6 6.Be2 Na6 7.O-O e5 8.Be3 Ng4
9.Bg5 Qe8 10.dxe5 dxe5 11.Nd2 f6 12.Bxg4 fxg5 13.Bxc8 Qxc8 14.Nb3 c6 15.Qd2 g4
16.Rad1 Rf7 17.Qe2 Qe6 18.Nc1 Bf8 19.a3 Bc5 20.Nb3 Be7 21.Nd2 Nc7 22.Rc1 Raf8
23.b4 Bh4 24.Nd1 Qd7 25.Nb3 h5 26.Nc5 Qe7 27.g3 b6 28.Nb3 Bg5 29.Rc3 Ne6
30.Rd3 Rf3 31.Ne3 Bxe3 32.Rxe3 Ng5 33.Rxf3 Rxf3 34.Qc2 Nh3+ 35.Kg2 Qf8 36.b5 cxb5
37.cxb5 Qf7 38.Nc1 Rxa3 39.Qe2 Ng5 40.h4 gxh3+ 41.Kh2 Nf3+ 42.Kxh3 Nd4 43.Qd2 h4
44.Qd1 Rf3  0-1

[Event "Caissa IM April 2011"]
[Site "Kecskemet HUN"]
[Date "2011.04.24"]
[Round "9.2"]
[White "Ilincic,Z"]
[Black "Antal,T"]
[Result "1/2-1/2"]
[WhiteElo "2471"]
[BlackElo "2291"]

1.d4 Nf6 2.c4 g6 3.Nc3 Bg7 4.e4 d6 5.Nf3 O-O 6.Be2 e5 7.dxe5 dxe5 8.Qxd8 Rxd8
9.Bg5 Re8 10.Nd5 Nxd5 11.cxd5 c6 12.Bc4 b5 13.Bb3 a5 14.a4 bxa4 15.Bxa4 Bd7  1/2-1/2